|
|
|
|
| LEADER |
00000cas a2200000 a 4500 |
| 001 |
vtls010199277 |
| 003 |
SK-MaSNL |
| 005 |
20260228161151.0 |
| 008 |
200416d19692019xo qr|p 0 b0slo |
| 022 |
|
|
|a 2453-7926
|
| 035 |
|
|
|a SKP000035546
|
| 040 |
|
|
|a SVKBB
|b slo
|d SVKBB
|d SNK
|e AACR2
|
| 041 |
0 |
|
|a slo
|
| 044 |
|
|
|a xo
|c SK
|
| 072 |
|
7 |
|a 343.8
|x Väzenstvo
|2 konspekt
|
| 080 |
|
|
|a 343.81
|2 2011
|
| 080 |
|
|
|a 050
|2 2011
|
| 080 |
|
|
|a (051)-048.55
|2 2011
|
| 210 |
0 |
|
|a Zvesti Zboru väzenskej justičnej stráže
|
| 222 |
|
0 |
|a Zvesti Zboru väzenskej a justičnej stráže
|
| 245 |
0 |
0 |
|a Zvesti
|b Zboru väzenskej a justičnej stráže
|
| 260 |
|
|
|a Bratislava
|b Generálne riaditeľstvo Zboru väzenskej a justičnej stráže
|c 1969-2019
|
| 300 |
|
|
|a 50 zv.
|b 30 cm
|
| 310 |
|
|
|a 4x ročne
|b 2016-2019
|
| 321 |
|
|
|a Nepravidelne
|b 1969-[2015]
|
| 362 |
0 |
|
|a 1969-č. 1(2019)
|
| 500 |
|
|
|a Popis podľa: Roč. 48, č. 1 (2016)
|
| 500 |
|
|
|a Redaktor: 2016- , Anita Šnírerová
|
| 500 |
|
|
|a V r. 1969 bol vydaný ako Zvesti Zboru nápravnej výchovy SSR, od r. 1992 má názov Zvesti Zboru väzenskej a justičnej stráže
|
| 515 |
|
|
|a Niektoré čísla vychádzajú ako dvojčíslo
|
| 650 |
0 |
7 |
|a väznice
|2 SNKPH
|9 2643
|
| 655 |
|
7 |
|a špecializované časopisy
|2 SNKPH
|9 70509
|
| 700 |
1 |
|
|a Šnírerová, Anita
|4 red
|9 268122
|
| 710 |
2 |
|
|a Slovensko.
|b Zbor väzenskej a justičnej stráže
|4 pbl
|9 32448
|
| 785 |
0 |
0 |
|t Slovenské väzenstvo
|x 2644-5816
|
| 852 |
|
|
|a Štátna vedecká knižnica v Banskej Bystrici
|
| 856 |
4 |
1 |
|u https://old.zvjs.sk/sk/zvesti-0
|
| 910 |
|
|
|a snk
|
| 916 |
|
|
|a 2016-2018, 2019
|
| 999 |
|
|
|c 4535
|d 6465
|
| 952 |
|
|
|0 0
|1 0
|4 0
|7 0
|8 0
|a SNK
|b SNK
|d 2021-06-15
|f 1
|i snk2021/6977
|l 0
|o snkČSB 7349/51/2019
|p 17A1434448
|r 2026-02-21 20:00:24
|t č. 1
|w 2026-02-21
|y PREZ
|
| 952 |
|
|
|0 0
|1 0
|4 0
|7 0
|8 0
|a SNK
|b SNK
|d 2021-06-15
|i snk2021/6978
|l 0
|o snkČSB 7349/51/2019 D1
|p 17A1434449
|r 2026-02-21 20:00:24
|t č. 1
|w 2026-02-21
|y PREZ
|
| 952 |
|
|
|0 0
|1 0
|4 0
|7 0
|8 0
|a SNK
|b SNK
|d 2019-11-07
|f 1
|i snk2019/28506
|l 0
|o snkČSB 7349/48/2016
|p 17A1384562
|r 2026-02-21 22:07:46
|t č. 1-4 + 1 príl.
|w 2026-02-21
|y PREZ
|z Príl.: v č. 1 - Obsah ročníka 2015
|
| 952 |
|
|
|0 0
|1 0
|4 0
|7 0
|8 0
|a SNK
|b SNK
|d 2019-11-07
|f 1
|i snk2019/28507
|l 0
|o snkČSB 7349/49/2017
|p 17A1384563
|r 2026-02-21 22:07:46
|t č. 1-4 + 1 príl.
|w 2026-02-21
|y PREZ
|z Príl.: v č. 1 - Obsah ročníka 2016
|
| 952 |
|
|
|0 0
|1 0
|4 0
|7 0
|8 0
|a SNK
|b SNK
|d 2019-11-07
|f 1
|i snk2019/28508
|l 0
|o snkČSB 7349/50/2018
|p 17A1384564
|r 2026-02-21 22:07:47
|t č. 1-4 + 1 príl.
|w 2026-02-21
|y PREZ
|z Príl.: v č. 1 - Obsah ročníka 2017
|
| 952 |
|
|
|0 0
|1 0
|4 0
|7 0
|8 0
|a SNK
|b SNK
|d 2019-11-07
|i snk2019/28512
|l 0
|o snkČSB 7349/48/2016 D1
|p 17A1384565
|r 2026-02-21 22:07:47
|t č. 1-4 + 1 príl.
|w 2026-02-21
|y PREZ
|z Príl.: v č. 1 - Obsah ročníka 2015
|
| 952 |
|
|
|0 0
|1 0
|4 0
|7 0
|8 0
|a SNK
|b SNK
|d 2019-11-07
|i snk2019/28514
|l 0
|o snkČSB 7349/49/2017 D1
|p 17A1384566
|r 2026-02-21 22:07:47
|t č. 1-4 + 1 príl.
|w 2026-02-21
|y PREZ
|z Príl.: v č. 1 - Obsah ročníka 2016
|
| 952 |
|
|
|0 0
|1 0
|4 0
|7 0
|8 0
|a SNK
|b SNK
|d 2019-11-07
|i snk2019/28515
|l 0
|o snkČSB 7349/50/2018 D1
|p 17A1384567
|r 2026-02-21 22:07:47
|t č. 1-4 + 1 príl.
|w 2026-02-21
|y PREZ
|z Príl.: v č. 1 - Obsah ročníka 2017
|